000 01189nam a2200313Ic 4500
001 57717
003 CO-BoRNBP
005 20250729095208.0
007 ta
008 170322s2007 mx a g 000 0 s
020 _a9789682434174
040 _aCO-BoRNBP
_bspa
_erda
_cCO-BoRNBP
041 _aspa
082 0 4 _a363.1
_bA38s
100 _aAguirre Martínez, Eduardo
_eaut
_94133
245 1 0 _aSeguridad y protección :
_ba personas, empresas y vehículos /
_cEduardo Aguirre Martínez.
250 _a1a edición. 1a reimpresión
264 1 _aMéxico :
_bTrillas,
_c2007
300 _a159 páginas :
_bilustraciones
336 _atexto
_btxt
_2rdacontent
337 _asin mediación
_bn
_2rdamedia
338 _avolumen
_bnc
_2rdacarrier
520 _aEl delito Mecánica de los delitos Previsión, prevención yactitudes ante el delito Sistemas materiales, técnicos y científicos de seguridad Aspectos generales de la seguridad y la protección
650 0 7 _aDelitos contra la persona
_2lemb
_922775
650 0 7 _aDelitos contra la propiedad
_2lemb
_922205
650 0 7 _aEstadística criminal
_2lemb
_961418
650 0 7 _aPrevención del delito
_2lemb
_922756
942 _2ddc
_cBK
999 _c57717
_d57717